000 01163nam a22003737a 4500
003 CHAP
005 20220817044258.0
008 090703s2008 it rn 00010 spa d
010 _a96469
011 _a97441
020 _a9789253059768
035 _a108109
040 _cCHAP
082 0 4 _a641
_bF3 v.89
110 2 _aFAO
245 1 0 _aManual de inspección de los alimentos basada en el riesgo
_c/por FAO
260 _aRoma :
_bFAO,
_c2008
300 _ax, 84 p.
490 0 _aAlimentación y nutrición
_v; 89
590 _aBATCH-UPD
_b10
_c20130110
_lUCH01
_h1149
590 _aBATCH-UPD
_b10
_c20130410
_lUCH01
_h0733
590 _aBATCH-UPD
_b10
_c20130914
_lUCH01
_h0217
590 _aCONVERSION
_b10
_c20130109
_lUCH01
_h1353
650 1 4 _aAlimentos
_xCalidad.
650 1 4 _aAlimentos
_xIndustria.
_94227
650 1 4 _aAlimentos
_xInspección.
_94239
650 1 4 _aAlimentos
_xNormas de calidad.
_94256
650 1 4 _aCalidad
_xControl de la.
_917484
830 0 0 _aAlimentacion y nutricion
_v; 89
_94112
901 _aBK
911 _aen proceso
942 _cLIBRO
949 _a641 F3 v.89
_bBC
_cFAO
_d33724002096439
_eFAO1
_gDonaciØn
_h110758
_i108109
_sb
999 _c96469
_d96469